| 000 | 00875nam a22001937a 4500 | ||
|---|---|---|---|
| 005 | 20240708171223.0 | ||
| 010 | _aHIN-127948 | ||
| 020 |
_c125.00 _a9789380455303 |
||
| 035 | _aHN-100294 | ||
| 037 | _bDBAD | ||
| 082 | _a821 | ||
| 100 |
_aमिश्र, उमाशंकर _968256 |
||
| 245 |
_aगुलाब संग कांटे भी: _bकाव्य सप्तक-5/ _cउमाशंकर मिश्र |
||
| 260 |
_aगाजियाबाद (उ. प्र.) _bउद्योग नगर प्रकाशन _c2012 |
||
| 270 |
_a695, न्यू कोट गांव, जी. टी. रोड _bगाजियाबाद (उ. प्र.) _e2860110 _k9818249902 |
||
| 300 |
_a104पृ. _c22 सेमी. (अजिल्द) |
||
| 650 |
_aहिन्दी _968257 |
||
| 942 |
_2ddc _cHN _h821 _mमिश्रउ |
||
| 999 |
_c204035 _d204035 |
||